000 00312 a2200145 4500
001 178544
020 _a
040 _cMagnum
100 _aFanny
240 1 0 _aQuem tem medo de bruxa?
_lSEM
245 1 0 _aQuem tem medo de bruxa?
362 0 _a1899
697 _aMAGNITO: MAGNITO SEM ÁREA E AS
942 _cBK
999 _c178544
_d178544